| 000 | 01079nam a22003497a 4500 | ||
|---|---|---|---|
| 003 | OSt | ||
| 005 | 20220107122855.0 | ||
| 008 | 191030b xxu||||| |||| 00| 0 eng d | ||
| 020 | _a9783319723464 | ||
| 040 | _cIIITMK | ||
| 082 | _a006.312 DIN/D | ||
| 100 |
_aDinov, Ivo D _917060 |
||
| 245 |
_aData science and predictive analytics: _bBiomedical and health applications using R _cIvo D Dinov |
||
| 260 |
_aSwitzerland, _bSpringer, _c2018. |
||
| 300 | _axxxiv, 832p. | ||
| 650 |
_aCOMPUTER SCIENCE _917141 |
||
| 650 |
_aDATA MINING _917142 |
||
| 650 |
_aDATA SCIENCE _917143 |
||
| 650 |
_aDATA ANALYTICS _917144 |
||
| 650 |
_aPREDICTIVE ANALYTICS _917145 |
||
| 650 |
_aCOMPUTER PROGRAMMING _917146 |
||
| 650 |
_aR PROGRAMMING _917147 |
||
| 650 |
_aBIG DATA _917148 |
||
| 650 |
_aBIG DATA ANALYTICS _917149 |
||
| 650 |
_aMACHINE LEARNING _917150 |
||
| 650 |
_aNEURAL NETWORKS _917151 |
||
| 650 |
_aBIOMEDICAL APPLICATIONS _917152 |
||
| 650 |
_aTEXT MINING _917153 |
||
| 650 |
_aNATURAL LANGUAGE PROCESSING _917154 |
||
| 650 |
_aDEEP LEARNING _917155 |
||
| 942 |
_2ddc _cBK |
||
| 999 |
_c6636 _d6636 |
||